Proceso y contenido de la novela hispanoamericana
Guardat en:
| Autor principal: | |
|---|---|
| Format: | Llibre |
| Idioma: | Undetermined |
| Publicat: |
Madrid, España
Gredos
1968
|
| Edició: | 2 |
| Matèries: | |
| Etiquetes: |
Afegir etiqueta
Sense etiquetes, Sigues el primer a etiquetar aquest registre!
|
MARC
| LEADER | 00000nam a2200000Ia 4500 | ||
|---|---|---|---|
| 008 | 170316s9999 xx 000 0 und d | ||
| 090 | |a 801 S-4pr | ||
| 100 | |a Sánchez, Luis Alberto | ||
| 245 | |a Proceso y contenido de la novela hispanoamericana | ||
| 250 | |a 2 | ||
| 260 | |a Madrid, España | ||
| 260 | |b Gredos | ||
| 260 | |c 1968 | ||
| 300 | |a 625 páginas | ||
| 650 | |a TEORÍA LITERARIA | ||
| 650 | |a NOVELA HISPANOAMERICANA | ||
| 650 | |a ANÁLISIS LITERARIO | ||
| 650 | |a NOVELA IMAGINATIVA | ||
| 650 | |a NOVELA IDEALISTA | ||
| 650 | |a NOVELA PSICOLÓGICA | ||
| 650 | |a NOVELA AUTOBIOGRAFICA | ||
| 650 | |a NOVELA COSTUMBRISTA | ||
| 650 | |a NOVELA NATURALISTA | ||
| 650 | |a NOVELA REGIONAL | ||
| 650 | |a NOVELA HISTÓRICA | ||
| 650 | |a NOVELA DE GUERRA | ||
| 650 | |a NOVELA BIOGRAFICA | ||
| 650 | |a NOVELAS DE AVENTURAS | ||
| 650 | |a NOVELA POLÍTICA | ||
| 650 | |a NOVELA SOCIAL | ||
| 999 | |c 20673 |d 20673 | ||
| 040 | |a cru BVZT | ||
| 942 | |c 15 D |h 801 S-4pr |2 z | ||
